Plant diseases caused by fastidious prokaryotes: (Record no. 583)
[ view plain ]
| 000 -LEADER | |
|---|---|
| fixed length control field | 00691nam a22002297a 4500 |
| 001 - CONTROL NUMBER | |
| control field | BD-DhSAU 583 |
| 003 - CONTROL NUMBER IDENTIFIER | |
| control field | BD-DhSAU |
| 005 - DATE AND TIME OF LATEST TRANSACTION | |
| control field | 20150105003026.0 |
| 008 - FIXED-LENGTH DATA ELEMENTS--GENERAL INFORMATION | |
| fixed length control field | 150105b xxu||||| |||| 00| 0 eng d |
| 020 ## - INTERNATIONAL STANDARD BOOK NUMBER | |
| International Standard Book Number | 8170193494 |
| 040 ## - CATALOGING SOURCE | |
| Transcribing agency | BD-DhSAU |
| 082 ## - DEWEY DECIMAL CLASSIFICATION NUMBER | |
| Edition number | 22 |
| Classification number | 632 |
| Item number | PLA |
| 100 ## - MAIN ENTRY--PERSONAL NAME | |
| Personal name | Raychaudhuri,S.P. [EDITORS] |
| 245 ## - TITLE STATEMENT | |
| Title | Plant diseases caused by fastidious prokaryotes: |
| Remainder of title | lll Regional workshop on plant mycoplasma/ |
| 260 ## - PUBLICATION, DISTRIBUTION, ETC. (IMPRINT) | |
| Place of publication, distribution, etc. | New delhi: |
| Name of publisher, distributor, etc. | Tomorrow /scholarly publications; |
| Date of publication, distribution, etc. | 1989. |
| 300 ## - PHYSICAL DESCRIPTION | |
| Extent | viii |
| Other physical details | ill. , |
| Dimensions | 25 cm. |
| 504 ## - BIBLIOGRAPHY, ETC. NOTE | |
| Bibliography, etc | Includes bibliography and index |
| 590 ## - Name of Cataloguer | |
| Name of Cataloger | IMRAN |
| 650 ## - SUBJECT ADDED ENTRY--TOPICAL TERM | |
| Topical term or geographic name as entry element | Plant pathology |
| 650 ## - SUBJECT ADDED ENTRY--TOPICAL TERM | |
| Topical term or geographic name as entry element | Plant diseases |
| 700 ## - ADDED ENTRY--PERSONAL NAME | |
| Personal name | Verma,Anupam [editor] |
| 942 ## - ADDED ENTRY ELEMENTS (KOHA) | |
| Source of classification or shelving scheme | Dewey Decimal Classification |
| Koha item type | Book |
| Withdrawn status | Lost status | Source of classification or shelving scheme | Damaged status | Not for loan | Home library | Branch Name | Shelving location | Date acquired | Total Checkouts | Full call number | Barcode | Date last seen | Price effective from | Koha item type | Collection code |
|---|---|---|---|---|---|---|---|---|---|---|---|---|---|---|---|
| Dewey Decimal Classification | SAU Library | SAU Library | General Stacks | 30/06/1992 | 632 PLA | 22405 | 05/01/2015 | 05/01/2015 | Book | ||||||
| Dewey Decimal Classification | SAU Library | SAU Library | General Stacks | 30/06/1992 | 632 PLA | 20410 | 05/01/2015 | 05/01/2015 | Book | ||||||
| Dewey Decimal Classification | SAU Library | SAU Library | General Stacks | 30/06/1992 | 632 PLA | 22406 | 05/01/2015 | 05/01/2015 | Book | ||||||
| Dewey Decimal Classification | SAU Library | SAU Library | General Stacks | 30/06/1992 | 632 PLA | 22409 | 05/01/2015 | 05/01/2015 | Book | ||||||
| Dewey Decimal Classification | SAU Library | SAU Library | General Stacks | 30/06/1992 | 632 PLA | 20411 | 05/01/2015 | 05/01/2015 | Book | ||||||
| Dewey Decimal Classification | SAU Library | SAU Library | General Stacks | 30/06/1992 | 632 PLA | 20413 | 05/01/2015 | 05/01/2015 | Book | ||||||
| Dewey Decimal Classification | SAU Library | SAU Library | General Stacks | 30/06/1992 | 632 PLA | 22408 | 05/01/2015 | 05/01/2015 | Book | ||||||
| Dewey Decimal Classification | SAU Library | SAU Library | General Stacks | 30/06/1992 | 632 PLA | 22407 | 05/01/2015 | 05/01/2015 | Book | ||||||
| Dewey Decimal Classification | SAU Library | SAU Library | General Stacks | 30/06/1992 | 632 PLA | 20412 | 05/01/2015 | 05/01/2015 | Book | ||||||
| Dewey Decimal Classification | Not For Loan | SAU Library | SAU Library | Reference | 30/06/1992 | 632 PLA | 22404 | 17/05/2015 | 17/05/2015 | Book | Reference |
